| 000 | 01082nam a2200277 i 4500 | ||
|---|---|---|---|
| 001 | bg | ||
| 110 | 2 | _aIzba Projektowania Budowlanego. | |
| 245 | 1 | 0 |
_aŚrodowiskowe zasady obliczania wartości kosztorysowej inwestycji budowlanych / _cIzba Projektowania Budowlanego ; Stowaryszenie kosztorysantów Budowlanych ; Zrzeszenie Biur Kosztorysowania Budowlanego. |
| 260 |
_aWarszawa : _bIzba Projektowania Budowlanego, _c2003. |
||
| 300 |
_a37, s. : _btab. ; _c21 cm. |
||
| 650 | 4 |
_aBudownictwo _xceny |
|
| 650 | 4 |
_aBudownictwo _xkoszty _zPolska _yod 2001 r. |
|
| 710 | 2 | _aStowarzyszenie Kosztorysantów Budowlanych. | |
| 710 | 2 | _aZrzeszenie Biur Kosztorysowania Budowlanego. | |
| 020 | _a8391659615 | ||
| 040 | _cBPK | ||
| 041 | 0 | _apol | |
| 044 | _aPOL | ||
| 080 | _a69 | ||
| 080 | _a657.47 | ||
| 080 | _a(083.1) | ||
| 920 | _a83-916596-1-5 | ||
| 942 | _cKS | ||
| 008 | 121121s2003 pl a f f |000 0 pol | ||
| 999 |
_c53908 _d53908 |
||
| 856 |
_uhttp://koha.tu.koszalin.pl/cgi-bin/koha/opac-detail.pl?biblionumber=53908 _yKatalog online BPK |
||